[Event "Oberliga Sued W 0910"]
[Site "Germany"]
[Date "2010.04.11"]
[Round "9.8"]
[White "Schuetz, Simon"]
[Black "Zielenski, Horst"]
[Result "0-1"]
[WhiteElo "1822"]
[BlackElo "1892"]
[PlyCount "76"]
[EventDate "2009.10.18"]
[EventType "team-tourn"]
[EventRounds "9"]
[EventCountry "GER"]
[SourceTitle "EXT 2011"]
[Source "ChessBase"]
[SourceDate "2010.11.26"]
[SourceVersion "1"]
[SourceVersionDate "2010.11.26"]
[SourceQuality "1"]
[WhiteTeam "Saarbruecken"]
[BlackTeam "Ludwigshafen"]
[WhiteTeamCountry "GER"]
[BlackTeamCountry "GER"]

1. e4 c5 2. d4 cxd4 3. c3 dxc3 4. Nxc3 d6 5. Nf3 e6 6. Bc4 Be7 7. 0-0 Nf6 8. Qe2 Nc6 9. Rd1 e5 10. Be3 0-0 11. Rac1 Bg4 12. h3 Bh5 13. g4 Bg6 14. Bg5 Nxe4 15. Nxe4 Bxe4 16. Qxe4 Bxg5 17. Rc3 Be7 18. Bd5 Qe8 19. Bxc6 bxc6 20. Rxc6 d5 21. Qc2 e4 22. Nd4 g6 23. Nb5 Bd8 24. Rxd5 e3 25. fxe3 Qxe3+ 26. Kg2 Bb6 27. Rd1 Rad8 28. Rc3 Qg5 29. Nd6 h5 30. Qe4 hxg4 31. hxg4 Qf6 32. Rf3 Qxb2+ 33. Kh3 Bc7 34. Rfd3 Bxd6 35. Rxd6 Rde8 36. Qd3 Re2 37. Rd2 Qh8+ 38. Kg3 Qh2+ 0-1